Guerra en el aire / (Record no. 70065)

MARC details
000 -LEADER
campo de control de longitud fija 00444nam a2200157 i 4500
001 - NÚMERO DE CONTROL
campo de control 70065
003 - IDENTIFICADOR DE NÚMERO DE CONTROL
campo de control ES-MaACL
005 - FECHA Y HORA DE LA ÚLTIMA TRANSACCIÓN
campo de control 20230906170717.0
007 - CAMPO FIJO DE DESCRIPCIÓN FÍSICA--INFORMACIÓN GENERAL
campo de control de longitud fija t|
008 - DATOS DE LONGITUD FIJA--INFORMACIÓN GENERAL
campo de control de longitud fija 040716s1940 sp ||||1| spa d
100 0# - ENTRADA PRINCIPAL--NOMBRE DE PERSONA
Nombre de persona García-Morato y Castaño, Joaquín.
9 (RLIN) 54994
245 10 - MENCIÓN DEL TÍTULO
Título Guerra en el aire /
Mención de responsabilidad, etc. Joaquín García Morato.
260 ## - PUBLICACIÓN, DISTRIBUCIÓN, ETC.
Lugar de publicación, distribución, etc. Madrid :
Nombre del editor, distribuidor, etc. [s.n.,
Fecha de publicación, distribución, etc. 1940] (
Fabricante Uguina)
300 ## - DESCRIPCIÓN FÍSICA
Extensión 213 p. ;
Dimensiones 22 cm.
852 ## - LOCALIZACIÓN
Ubicación ES-MaACL
Número de control de estantería A-5227
Sublocalización o colección R.18333
Holdings
Estatus retirado Estado de pérdida Estado de daño No para préstamo Biblioteca de origen Biblioteca actual Ubicación en estantería Fecha de adquisición Fuente de adquisición Total de préstamos Signatura topográfica completa Código de barras Visto por última vez Precio de reemplazo Tipo de ítem Koha
        Biblioteca del Ateneo de Madrid Biblioteca del Ateneo de Madrid Sala Pecera Planta 1 17/01/2008     A-5227 1073369 23/02/2023 23/02/2023 Libro impreso